Cronología de la historia electoral nicaragüense /
Furkejuvvon:
| Váldodahkki: | |
|---|---|
| Eará dahkkit: | |
| Materiálatiipa: | Texto |
| Fáttát: | |
| Fáddágilkorat: |
Lasit fáddágilkoriid
Eai fáddágilkorat, Lasit vuosttaš fáddágilkora!
|
MARC
| LEADER | 00000 a a2200000 04500 | ||
|---|---|---|---|
| 001 | 15685 | ||
| 003 | |||
| 040 | |||
| 100 | |a Avendaño Rojas, Xiomara | ||
| 245 | |a Cronología de la historia electoral nicaragüense / |c Xiomara Avendaño Rojas | ||
| 650 | |a HISTORIA POLITICA | ||
| 700 | |a Peña, Ligia María | ||
| 773 | |g número 7; páginas 68-78 | ||
| 999 | |c 28714 |d 28714 | ||
